El Financiamiento externo, el desarrollo de América y el Caribe y las relaciones internacionales de cooperación /
Zapisane w:
| organizacja autorów: | , |
|---|---|
| Format: | Texto |
| Wydane: |
Washington:
Organización de los Estados Americanos
|
| Etykiety: |
Dodaj etykietę
Nie ma etykietki, Dołącz pierwszą etykiete!
|
MARC
| LEADER | 00000 a a2200000 04500 | ||
|---|---|---|---|
| 001 | 25257 | ||
| 003 | |||
| 040 | |||
| 090 | |a 180600 | ||
| 110 | |a Organización de los Estados Americanos | ||
| 245 | |a El Financiamiento externo, el desarrollo de América y el Caribe y las relaciones internacionales de cooperación / |c Organización de los Estados Americanos | ||
| 260 | |a Washington: |b Organización de los Estados Americanos | ||
| 300 | |a 29 p |b **no definido** | ||
| 710 | |a Consejo Interamericano Económico y Social | ||
| 999 | |c 14066 |d 14066 | ||
